| 000 | 00475nam a2200169 i 4500 | ||
|---|---|---|---|
| 001 | 52745 | ||
| 003 | ES-MaACL | ||
| 005 | 20230906162635.0 | ||
| 007 | t| | ||
| 008 | 030903s1909 fr ||||1| fre d | ||
| 100 | 1 |
_aDécombe, L. _943176 |
|
| 245 | 1 | 3 |
_aLa célérité des ébranlements de l'ether _b: l'energie radiante / _cpar L. Décombe. |
| 250 | _a2e ed. | ||
| 260 |
_a[Paris : _bGauthier-Villars], _c1909. |
||
| 300 |
_a104 p. ; _c20 cm. |
||
| 852 |
_aES-MaACL _jB-11704 |
||
| 999 |
_c52745 _d52745 |
||